000 00614cam a22002291 4500
001 sa 65003040
003 DLC
005 20260227112120.0
008 890911s1963 ii 000 0 maro
010 _asa 65003040
035 _a(OCoLC)20326002
040 _aDLC
_cWaU
_dDLC
043 _aa-ii---
050 0 0 _aPK2418.E5
_bZ83
100 1 _aPhāṭaka, Narahara Raghunātha,
_d1894-1979.
245 1 0 _aŚrīekanātha.
260 _c[1963]
300 _a15, 280 p.
_c22 cm.
546 _aIn Marathi.
600 0 0 _aEkanātha,
_dapproximately 1548-approximately 1609.
651 0 _aIndia
_xHistory
_y1526-1765.
999 _c62939
_d62939